000 00447nam a2200181Ia 4500
005 20240913125159.0
008 240913s9999||||xx |||||||||||||| ||und||
041 _aENGLISH
082 _A530.141 P0
100 _aPaul,Clayton R [et al]
245 0 _aIntroduction to Electromagnetic fields
250 _a1st
260 _c2000
_bMGH,New York
500 _aREFERENCE
650 _aElectromagnetism
_bPhysics
942 _cREF
999 _c244986
_d244986